000 00855cam a22002295a 4500
001 L160257
008 190607s2019 xxk f 000 0 eng d
020 _a 9781783213153
035 _a(Sirsi) u160257
041 0 _aeng
110 2 _aRoyal Institution of Chartered Surveyors
_94900
245 0 0 _aRICS Valuation Global Standards 2017 Simplified Chinese Translation
_bPeoples' Republic of China
_h[electronic resource]
246 _a评估——全球标准
260 _aLondon,
_bRICS,
_c2017
490 0 _aRICS Red Book
650 2 4 _aRED BOOK
650 2 4 _aGLOBAL VALUATION STANDARDS 2017
651 4 _aChina
690 _aValuation
_96273
856 4 0 _uhttps://www.rics.org/content/dam/ricsglobal/documents/standards/RICS%20Valuation%20-%20Red%20Book%202017%20-%20Simplified%20Chinese%20translation.pdf
_zView on RICS.org
942 _n0
_2ddc
999 _c116300
_d116300